Radiorramonismo (Record no. 11683)
[ view plain ]
| 000 -LEADER | |
|---|---|
| campo de control de longitud fija | 00936nam a2200253 i 4500 |
| 001 - NÚMERO DE CONTROL | |
| campo de control | 11683 |
| 003 - IDENTIFICADOR DE NÚMERO DE CONTROL | |
| campo de control | ES-MaACL |
| 005 - FECHA Y HORA DE LA ÚLTIMA TRANSACCIÓN | |
| campo de control | 20250521063425.0 |
| 007 - CAMPO FIJO DE DESCRIPCIÓN FÍSICA--INFORMACIÓN GENERAL | |
| campo de control de longitud fija | t| |
| 008 - DATOS DE LONGITUD FIJA--INFORMACIÓN GENERAL | |
| campo de control de longitud fija | 880721s1987 sp ||||0| spa j ..| |
| 015 ## - NÚMERO DE BIBLIOGRAFÍA NACIONAL | |
| Número de bibliografía nacional | 1988-OCT-18411 |
| 016 7# - NÚMERO DE CONTROL DE UNA AGENCIA BIBLIOGRÁFICA NACIONAL | |
| Número de control cancelado/no válido | SAB9000026237 |
| 020 ## - NÚMERO INTERNACIONAL ESTÁNDAR DEL LIBRO | |
| Número Internacional Estándar del Libro | 84-7491-223-7 |
| 040 ## - FUENTE DE CATALOGACIÓN | |
| Centro catalogador/agencia de origen | M-BN-DP |
| Lengua de catalogación | spa |
| Centro/agencia transcriptor | M-BN-DP |
| 080 ## - NÚMERO DE LA CLASIFICACIÓN DECIMAL UNIVERSAL | |
| Número de la Clasificación Decimal Universal | 860 Gómez de la Serna, Ramón 1.06 |
| 100 1# - ENTRADA PRINCIPAL--NOMBRE DE PERSONA | |
| Nombre de persona | Ventín Pereira, José Augusto |
| 9 (RLIN) | 113901 |
| 245 10 - MENCIÓN DEL TÍTULO | |
| Título | Radiorramonismo |
| Resto del título | : antología y estudio de textos radiofónicos de Ramón Gómez de la Serna / |
| Mención de responsabilidad, etc. | J. Augusto Ventín Pereira. |
| 260 ## - PUBLICACIÓN, DISTRIBUCIÓN, ETC. | |
| Lugar de publicación, distribución, etc. | Madrid : |
| Nombre del editor, distribuidor, etc. | Editorial de la Universidad Complutense, |
| Fecha de publicación, distribución, etc. | 1987. |
| 300 ## - DESCRIPCIÓN FÍSICA | |
| Extensión | 272 p : |
| Otras características físicas | il ; |
| Dimensiones | 24 cm. |
| 600 14 - PUNTO DE ACCESO ADICIONAL DE MATERIA--NOMBRE DE PERSONA | |
| Nombre de persona | Gómez de la Serna, Ramón, |
| Fechas asociadas al nombre | 1888-1963- |
| Subdivisión general | Crítica e interpretación |
| 9 (RLIN) | 57903 |
| 700 1# - ENTRADA AGREGADA--NOMBRE PERSONAL | |
| Nombre de persona | Gómez de la Serna, Ramón, |
| Fechas asociadas al nombre | 1888-1963 |
| 9 (RLIN) | 57901 |
| 852 ## - LOCALIZACIÓN | |
| Ubicación | ES-MaACL |
| Número de control de estantería | L-19100 |
| Sublocalización o colección | R.125202 |
| Estatus retirado | Estado de pérdida | Estado de daño | No para préstamo | Biblioteca de origen | Biblioteca actual | Ubicación en estantería | Fecha de adquisición | Fuente de adquisición | Total de préstamos | Signatura topográfica completa | Código de barras | Visto por última vez | Precio de reemplazo | Tipo de ítem Koha |
|---|---|---|---|---|---|---|---|---|---|---|---|---|---|---|
| Biblioteca del Ateneo de Madrid | Biblioteca del Ateneo de Madrid | Depósito 2 | 17/01/2008 | L-19100 | 1011908 | 23/02/2023 | 23/02/2023 | Libro impreso |
